000 00636nam a22001937a 4500
008 160927b xxu||||| |||| 00| 0 eng d
020 _a9780073383255
020 _a0073383252
050 _aGE 105 .C86 2012
100 _aCunningham,William P.
245 _aEnvironmental science:
_ba global concern/
_cWilliam P. Cunningham and Mary Ann Cunningham
250 _a12th ed.
260 _aNew York:
_bMcGraw Hill,
_c2012
300 _axxiii, 613p. :
_bill. ;
500 _aIncludes index.
650 _aEnvironmental science
_xTextbooks
700 _aCunningham, Mary Ann
942 _2lcc
_cBOOKS
_hGE 105 .C86 2012
_03
999 _c14169
_d14169